000 00980nam a2200313Ia 4500
003 OSt
005 20221007123221.0
006 a|||||r|||| 00| 0
007 ta
008 221006b |||||||| |||| 00| 0 eng d
020 _a997150216X
_c
_47.00
024 _a2792
037 _bShankar,
_cTextual
040 _aPAPL
_cPAPL
_beng
041 _2eng
_aeng
082 _aB27M09, M6
100 _aBarut A O
_9716879
245 0 _aTheory of group representations and applications by A O Barut and R Raczka
_b Raczka R
250 _aRev ed 2
260 _aSingapore
_bWorld Scientific
_c1986
300 _a717p
_ccm.
500 _a23/CSL/94-95/CARPA/1821^d1994-07-27^mPurchase; ; 1994-12-30^bSB^c1995-04-24^dSB
650 _a Group Theory
_9440733
650 _a Representation Theory
_9515466
650 _aAlgebra
700 _a Raczka R
_9716880
942 _hB27M09, M6
_cTEXL
_2CC
999 _c1211545
_d1211545